00351nam a2200121Ia 4500008004100000041000800041082001800049100003300067245003000100260006400130300001400194999002100208231228s2010 xx 000 0 und d aeng a658.5`62bRAJ aRAJARAM (S.)/ SIVAKUMAR (M.) aTotal Quality Management, aNew DelhibBiztantra an imprint of Dreamtech Press- -c2010 aviii, 411 c1095204d1095204